000 01173nam a2200253 a 4500
001 13498
003 BD-JhCC
005 20231017105232.0
008 231017b2015 bg |||| ||a| 000 0 ben d
035 _a(BD-JhCC)13498
040 _aBD-JhCC
_dBD-JhCC
041 _abengali
082 _a340.59
_bUSM 2015
100 _aউসমানী,মুহাম্মদ তকী
245 _aপুঁজিবাদ সমাজতন্ত্র ও ইসলাম /
_cমুহাম্মদ তকী উসমানী , শায়খুল ইসলাম জাস্টিস মুফতী, অনু:আবদুল্লাহ আল ফারুক কাসেমী।
260 _aঢাকা:
_b মাকতাবাতুল আযহার;
_c2015.
300 _a400 p. :
_c22 cm.
490 _aইসলামী ও আধুুনিক অর্থব্যবস্থা ‍সিরিজ- ৭
650 _aIslamic Law.
700 _aমুফতী, শায়খুল ইসলাম জাস্টিস
700 _a কাসেমী,আবদুল্লাহ আল ফারুক
942 _2ddc
_cBK
999 _c13498
_d13498